000 00573cam a22002291 4500
001 sa 68019607
003 DLC
005 20260227112719.0
008 781227s1965 io 000 0 ind
010 _asa 68019607
035 _a(OCoLC)4508396
040 _aDLC
_cOAU
_dOCoLC
_dDLC
042 _apremarc
050 0 0 _aBP188
_b.S88
100 1 _aSulaiman, Zainuddin.
245 1 0 _aBersjukur.
250 _aTjet. 1.
260 _aBandung,
_bJajasan Kemakmuran Masdjid
_c[1965?]
300 _a34 p.
_c13 cm.
650 0 _aReligious life
_xIslam
650 0 _aGratitude.
999 _c88991
_d88991